1427 1352 1850 1381 1085 1589 1032 1472 1747 1954 1992 1788 1418 1195 1909 1374 1777 1775 1143 1565 1607 1482 1218 1646 1712 1951 1467 1877 1728 1971 1446 1974 1070 1849 1904 1443 1567 1150 1878 1752 1395 1293 1440 1746 1241 1805 1061 1911 1526 1345 1172 1941 1713 1525 1887 1180 1978 1142 1643 1586 1605 1573 1167 1798 1242 1123 1931 1154 1153 1233 1956 1321 1888 1351 1352 1416 1327 1623 1471 1188 1564 1128 1375 1138 1963 1568 1786 1852 1353 1204 1139 1663 1608 1962 1707 1793 1461 1766 1204 BCNSPRNW ULIB Ver.6.0+V

เปลี่ยนเป็นภาษาไทย

Change to English
 แสดงรายละเอียดบรรณานุกรม
  กลับหน้าหลัก

Brief Record : Get Marc (ISO 2709) : E-mail record : QR code < ปิดหน้าต่าง
LEADER : 00000nam 2200000uu 4500
001    13399112423
003     ULIB
008    110815s2549||||th 000 0 tha d
020    9746434349 (เล่ม 2)
040    cl
060 04 HM263^bม246ส ล.2 2549
245 00 เอกสารการสอนชุดวิชา สุขศึกษาและการประชาสัมพันธ์งานสาธารณสุข หน่วยที่ 9-15=^bHealth education and public relations for public health work /^cอดิศักด์ สัตย์ธรรม ... [และคนอื่นฯ]
246 31 Health education and public relations for public health work
250    ปรับปรุงครั้งที่ 1 พิมพ์ครั้งที่ 6
260    นนทบุรี :^bสำนักพิมพ์มหาวิทยาลัยสุโขทัยธรรมาธิราช,^c2549
300    2 เล่ม :^bภาพประกอบ ;^c30 ซม.
650  4 การประชาสัมพันธ์
650  4 การประชาสัมพันธ์^xสาธารณสุข
650  4 สาธารณสุข
945    ^p264^l0^i022859
945    ^p264^l0^i022860
995    ทศพร
999 ^a ทศพร
รายการนี้ยังไม่มีแท็ก
คุณยังไม่ได้ล็อกอิน คุณสามารถมีกิจกรรมร่วมกับเว็บไซต์ได้ แต่ต้องล็อกอินก่อน ::
  ล็อกอิน

รายการสื่อสารสนเทศ

ลำดับที่ ประเภท เลขเรียก/บาร์โค้ด สถานที่ สถานะ
- ไม่พบข้อมูล -

รายการใกล้เคียง
    หัวเรื่อง [การประชาสัมพันธ์]
    หัวเรื่อง [สาธารณสุข]

BibComment


ยังไม่เคยถูกคอมเมนท์

คอมเมนท์ทรัพยากรรายการนี้
  คอมเมนท์: เอกสารการสอนชุดวิ..


 Copyright 2026. Bcnsprnw @Library